000 00536nam a22001817a 4500
005 20251108164010.0
008 250721s1986 xx 000 0 ara d
082 1 4 _a216,3/محم
100 1 _aالفقي، محمد علي عثمان
245 1 0 _aفقه المعاملات :
_bدراسة مقارنة /
264 1 _aالرياض :
_bدار المريخ،
_c1986.
300 _a461ص
650 1 7 _aالإسلام
650 1 7 _aالفقه
650 1 7 _aالمعاملات (فقه إسلامي)
942 _2ddc
_cBK
999 _c1069
_d1069